Devine le Joueur Version Real Madrid - Statistiques

Statistiques générales
  • Ce quiz a été pris 220 fois
  • Le résultat moyen est 8 sur 10
Statistiques - réponses
Levels Indices Joueurs % Correct
Level 1 Grand pilier du Real Madrid ces 10 dernière année il rejoindra le Real à seulement 18ans. Il seras aussi le Vice capitaine des Bleus et auras une carrière plus que chargé en trophées ( 3 Liga , 4 LDC , 3 Supercoupe de L'UEFA et 1 CDM) Raphaël Varane
90%
Level 3 Né le 4 janvier 1990 à Greifswald (Allemagne), il fera partie de la plaque tournante des années 2010 du Real Madrid. Il fera malgré son jeune âge partie des principaux acteurs du sacre de l'Allemagne en 2014. Toni Kroos
88%
Level 6 Né le 7 janvier 1991 à La Louvière (Belgique), est un footballeur international belge qui joue au poste d'ailier gauche, qui pour certain est l'un des plus grand flop de l'histoire du ballon rond. Eden Hazard
86%
Level 5 Sortie tout droit du centre de formation du Real Madrid, Il serait un grand titulaire a son poste durant toute sa carrière, il remportera tout (5 Liga, 3 LDC , 1 CDM , 2 EURO) il serait sans doute l'un des meilleurs gardien de l'histoire du Real Madrid. Iker Cassillas
85%
Level 7 International portugais une vrai légende pour les madrilène car en plus d'être monstrueux sur le terrain il a aussi trahis le club rival pour s'envoler vers la capital. Luis Figo
82%
Level 10 Il est a mon coeur le meilleurs footballeur de tout les temps au côté de Lionel Messi il a donné à tellement de monde la passion de se sport, pour la plupart des gens il est plus qu'une simple inspiration The Goat Of Football. Cristiano Ronaldo
78%
Level 8 Le 29 juin 2017, il s'engage avec l'Olympique lyonnais pour cinq années. Il choisit le numéro 22, il feras 2 saisons de suite juste explosive avant de ce faire recruter au Real sous le recommandation de Zinedine Zidane, il sera juste excellent lors de la pre-saison mais sombra très vite pars la suite sous la régularité de Marcelo Ferland Mendy
76%
Level 4 Ailier International Sud-Américain, il rejoindra le Real en 2010 et ferra de très bonne chose sur son aile. Il sera Homme du Match lors de la final de LDC 2014, puis s'envolera pour Manchester. Angèl Di Maria
71%
Level 2 Né le 22 septembre 1976 à Bento Ribeiro, un quartier de Rio de Janeiro, Il sera très vite concidérer comme une pépite du football brésilien, il aura passé un cours passage au FC Barcelone avant de rejoindre les "Galactics" a la pointe de l'attaque Ronaldo Nazario
68%
Level 9 Né le 31 octobre 1976 à Torrejón de Ardoz, est un joueur espagnol de football, reconverti comme entraîneur. Il est l'un des plus grand passeur de sa génération, durant très longtemps il sera tapis dans l'ombre du au milieux mythique des "Galactics" ( N*14 du Real ;). Guti
48%
Aucun quiz correspondant
Distribution des résultats
% des personnes avec chaque résultat
Percentile par nombre de réponses
Votre historique - résultats
Vous n’avez pas pris ce quiz